000 00539nam a2200181Ia 4500
999 _c3777
_d3777
003 OSt
005 20200821125942.0
008 190216s9999||||xx |||||||||||||| ||und||
020 _a9780070142763
040 _coclc
082 _a333.794
_bKHA/N
100 _aKhan, B H
_94268
245 0 _aNon-Conventional Energy Resources /
_c B H Khan
250 _a2nd Ed.
260 _bMc Graw Hill Education (india) Private Limited,
_c2015.
_aNew Delhi:
300 _a455p
942 _cBK
_2ddc
_h333.794
_iKHA/N
_k333.794
_mKHA/N